| 000 | 00741nam a2200253Ia 4500 | ||
|---|---|---|---|
| 003 | OSt | ||
| 005 | 20221005092913.0 | ||
| 006 | a|||||r|||| 00| 0 | ||
| 007 | ta | ||
| 008 | 221004b |||||||| |||| 00| 0 eng d | ||
| 020 |
_a9780791476680 (pbk) _c1259.35 |
||
| 024 | _a106488 | ||
| 037 |
_b10011, 03/03/2011, Elite Publishers Distributors _cTextual |
||
| 040 |
_aCRL _cCRL _beng |
||
| 041 |
_2eng _aeng |
||
| 082 | _aS:56, P9 | ||
| 100 | _aRonen Ruth | ||
| 245 | 0 | _aAesthetics of anxiety | |
| 260 |
_aNew York _bSuny Press U.S.A _c2009 |
||
| 300 |
_axii, 183p. _ccm. |
||
| 650 | _aPSYCHOLOGY | ||
| 942 |
_hS:56, P9 _cTEXL _2cc |
||
| 999 |
_c999547 _d999547 |
||